[Event "NED-ch op-A"]
[Site "Borne"]
[Date "2019.08.07"]
[Round "9"]
[White "Ganeshram, Niranjana"]
[Black "Zhang, Yourui Eric"]
[Result "0-1"]
[WhiteElo "100"]
[BlackElo "447"]
[PlyCount "34"]
[EventDate "2019.08.05"]
[EventType "swiss"]
[EventRounds "9"]
[EventCountry "NED"]
[SourceTitle "EXT 2020"]
[Source "ChessBase"]
[SourceDate "2019.10.17"]
[SourceVersion "1"]
[SourceVersionDate "2019.10.17"]
[SourceQuality "1"]

1. e4 e5 2. Nf3 Nc6 3. Bc4 Bd6 4. Ng5 Qxg5 5. d4 Qf6 6. dxe5 Bxe5 7. g3 Bd4 8. 0-0 h5 9. h4 Qg6 10. e5 Qxg3+ 11. Kh1 Qxh4+ 12. Kg2 Bxe5 13. Qd5 Qh2+ 14. Kf3 Qh3+ 15. Ke4 Qxf1 16. Kf5 Qh3+ 17. Ke4 f5# 0-1

[Event "NED-ch op-A"]
[Site "Borne"]
[Date "2019.08.06"]
[Round "4"]
[White "Van Es, Bjarne"]
[Black "Zhang, Yourui Eric"]
[Result "0-1"]
[WhiteElo "100"]
[BlackElo "447"]
[PlyCount "54"]
[EventDate "2019.08.05"]
[EventType "swiss"]
[EventRounds "9"]
[EventCountry "NED"]
[SourceTitle "EXT 2020"]
[Source "ChessBase"]
[SourceDate "2019.10.17"]
[SourceVersion "1"]
[SourceVersionDate "2019.10.17"]
[SourceQuality "1"]

1. e4 e5 2. Nf3 Nc6 3. Nc3 Nf6 4. Bb5 Bc5 5. Bxc6 bxc6 6. Nxe5 Qe7 7. f4 d6 8. Nf3 Ng4 9. d4 Bb6 10. 0-0 c5 11. dxc5 Bxc5+ 12. Kh1 Ba6 13. Re1 Nf2+ 14. Kg1 Nd3+ 15. Kf1 Nxc1+ 16. Ne2 Nxe2 17. Rxe2 Bxe2+ 18. Qxe2 Rb8 19. Rb1 Ba3 20. Qa6 Qxe4 21. Qxa3 0-0 22. Re1 Qxc2 23. b4 Qc4+ 24. Re2 Rfe8 25. Nd2 Qxe2+ 26. Kg1 Qxd2 27. Qxa7 Re1# 0-1